ბათუმის შოთა რუსთაველის სახელმწიფო უნივერსიტეტის ბიბლიოთეკა

Строительные конструкции в двух томах. Том 2. Железобетонные конструкции. (ბიბ.ჩანაწერი № 37292)

000 -LEADER
fixed length control field 00743nam a2200217Ia 4500
001 - CONTROL NUMBER
control field 3251
003 - CONTROL NUMBER IDENTIFIER
control field GE_BSU
008 - FIXED-LENGTH DATA ELEMENTS--GENERAL INFORMATION
fixed length control field 181216s||||||||xx |||||||||||||| ||und||
040 ## - CATALOGING SOURCE
Transcribing agency GE_BSU
080 ## - UNIVERSAL DECIMAL CLASSIFICATION NUMBER
Universal Decimal Classification number 624.012.45(075.32)
100 ## - MAIN ENTRY--PERSONAL NAME
Personal name Цай,Т.Н.
245 ## - TITLE STATEMENT
Title Строительные конструкции в двух томах. Том 2. Железобетонные конструкции.
245 ## - TITLE STATEMENT
Remainder of title Учебник.
250 ## - EDITION STATEMENT
Edition statement Изд второе, переработанное и дополненное.
260 ## - PUBLICATION, DISTRIBUTION, ETC.
Place of publication, distribution, etc. М.
260 ## - PUBLICATION, DISTRIBUTION, ETC.
Name of publisher, distributor, etc. Стройиздат.
260 ## - PUBLICATION, DISTRIBUTION, ETC.
Date of publication, distribution, etc. 1985.
300 ## - PHYSICAL DESCRIPTION
Extent 462 стр. с илл. 22 см.
653 ## - INDEX TERM--UNCONTROLLED
Uncontrolled term Строительные конструкции в двух томах.
942 ## - ADDED ENTRY ELEMENTS (KOHA)
Koha item type წიგნი
ეგზემპლარები
Withdrawn status Lost status Damaged status Not for loan Date acquired Barcode Date last seen Price effective from Koha item type Public note
        2018-12-17 9894 2018-12-17 2018-12-17 წიგნი დარბაზი